000 00791nam a2200265 i 4500
001 C2-0239172
003 PPAK
005 20180727202117.0
008 020508s2000 xxka|||| ||||| | eng d
020 _a1840222204
040 _aPPAK
_beng
_cPPAK
_erda
082 0 4 _a940.5423
_223
090 0 0 _a940.5423
_bCAR
_dG
090 0 0 _a940.5423
_bCAR
_dR
100 1 _aCarver, Michael,
_eauthor
245 1 0 _aEl Alamein
264 1 _aHertfordshire :
_bWordsworth Editions ,
_c2000
300 _axv, 200 pages :
_billustrations ;
_c22 cm
336 _2rdacontent
_atext
337 _2rdamedia
_aunmediated
338 _2rdacarrier
_avolume
500 _aWordsworth Military Library
650 1 0 _aEl Alamein, Battle of, Egypt, 1942 ; World War, 1939-1945 - Campaigns - Egypt
942 _ddc
_cB
999 _c54474
_d54474